logo

Bir Sreshtho Munshi Abdur Rouf Library
Jhenaidah Cadet College

The Psychology of Money: (Record no. 14399)

MARC details
000 -LEADER
fixed length control field 00706nam a22002537a 4500
001 - CONTROL NUMBER
JCCL Control Number 14399
003 - CONTROL NUMBER IDENTIFIER
JCCL marc code BD-JhCC
005 - DATE AND TIME OF LATEST TRANSACTION
control field 20250909104328.0
008 - FIXED-LENGTH DATA ELEMENTS--GENERAL INFORMATION
fixed length control field 250909b |||||||| |||| 00| 0 eng d
020 ## - INTERNATIONAL STANDARD BOOK NUMBER
International Standard Book Number 9789390166268
035 ## - SYSTEM CONTROL NUMBER
system control number (BD-JhCC) 14399
040 ## - CATALOGING SOURCE
Original cataloging agency BD-JhCC
Modifying agency BD-JhCC
041 ## - LANGUAGE CODE
Language code of Book eng
082 ## - DEWEY DECIMAL CLASSIFICATION NUMBER
DDC Edition number 23
Classification number 332.024
Author mark and Year HOU 2025
100 ## - MAIN ENTRY--PERSONAL NAME
Personal name Housel,Morgan
245 ## - TITLE STATEMENT
Title The Psychology of Money:
Remainder of title Timeless Lessons On Wealth, Greed, And Happiness /
Statement of responsibility, etc Morgan Housel
250 ## - EDITION STATEMENT
Edition statement 85th
260 ## - PUBLICATION, DISTRIBUTION, ETC. (IMPRINT)
Place of publication, distribution, etc Mumbai:
Name of publisher, distributor, etc Jaico Publishing House,
Date of publication, distribution, etc 2025
300 ## - PHYSICAL DESCRIPTION
Pagination 242 p.;
Dimensions 20 cm.
Accompanying material Paper binding
650 ## - SUBJECT ADDED ENTRY--TOPICAL TERM
Topical term or geographic name as entry element Money Psychological aspects
650 ## - SUBJECT ADDED ENTRY--TOPICAL TERM
Topical term or geographic name as entry element Richesse
650 ## - SUBJECT ADDED ENTRY--TOPICAL TERM
Topical term or geographic name as entry element Wealth
942 ## - ADDED ENTRY ELEMENTS (KOHA)
Source of classification or shelving scheme Dewey Decimal Classification
Koha item type Books
Holdings
Source of classification or shelving scheme Damaged status Not for loan Collection code Home library Current library Shelving location Date of accession Source of acquisition Full call number Barcode Date last seen Copy number Method of acquisition Koha item type Currency Total Checkouts Date checked out
Dewey Decimal Classification     Non-fiction JCC Rouf Library JCC Rouf Library General Stacks   Purchase 332.024 HOU 2025 20247 09/09/2025 C-1 Purchase Books BDT    
Dewey Decimal Classification     Non-fiction JCC Rouf Library JCC Rouf Library General Stacks   Purchase 332.024 HOU 2025 20248 02/07/2026 C-2 Purchase Books BDT 1 10/26/2025

JCC Library | Contacts | JCC Home

Last Update on 23 September 2017
Copyright @ 2017-2020 JCC Rouf Library
Rouf Library, Jhenidah Cadet College (JCC), Bangladesh